000 00599nam a2200169Ia 4500
008 090711s9999 xx 000 0 und d
082 _b70071
100 _aमंगेशकर गीता / बांदोडकर गौरी
245 _aउपेक्षिता
260 _c1993
300 _a188
600 _aमंगेशकर गीता / बांदोडकर गौरी
630 _aउपेक्षिता
700 _aमंगेशकर गीता / बांदोडकर गौरी
730 _aउपेक्षिता
942 _cBOOK
999 _c326638
_d326638